|
|
|
|
| LEADER |
00000cam a2200000 7i4500 |
| 001 |
0000005137 |
| 002 |
000005548 |
| 005 |
20000330.0 |
| 020 |
|
|
|a 9676101648
|
| 090 |
0 |
0 |
|a 658.4092
|b RAZ
|
| 100 |
0 |
|
|a Razali Mat Zin
|
| 245 |
1 |
0 |
|a Kepimpinan dalam pengurusan
|c Razali Mat Zin
|
| 260 |
|
|
|a Kuala Lumpur :
|b Utusan Publications & Distributors ,
|c 1991
|
| 300 |
|
|
|a 241p. ;
|c 24cm.
|
| 490 |
0 |
|
|a Siri pengurusan dan pentadbiran utusan
|
| 650 |
0 |
0 |
|a Leadership
|
| 999 |
|
|
|a 016315
|b BUKU
|c PINJAMAN
|e PERPUSTAKAAN KOMUNITI PETALING JAYA
|
| 999 |
|
|
|a 033978
|b BUKU
|c PINJAMAN
|e PERPUSTAKAAN KOMUNITI PETALING JAYA
|